De Arquímedes a Einstein : los diez experimentos más bellos de la física /

El autor recoge, analiza e interpreta cronológicamente las diez experiencias mejor valoradas y votadas por la comunidad científica internacional resultado de una encuesta que el año 2002 se realizó entre más de doscientos reputados especialistas mundiales acerca de los experimentos que, con menos me...

Fuld beskrivelse

Guardado en:
Bibliografiske detaljer
Hovedforfatter: Lozano Leyva, Manuel (autor)
Format: Bog
Sprog:spansk
Udgivet: Barcelona, España : Debate, 2005, c2005
Serier:(Arena Abierta)
Fag:
Tags: Tilføj Tag
Ingen Tags, Vær først til at tagge denne postø!

MARC

LEADER 00000nam^a2200000^a^4500
001 000179685
005 20250521000000.0
009 20260310101831.391
020 |a 84-8306-613-0 
037 |a Acervo ITESO - Biblioteca 
041 |a ESP 
082 |a 530. 078  |b LOZ 
100 |a Lozano Leyva, Manuel  |e (autor) 
245 1 0 |a De Arquímedes a Einstein :  |b los diez experimentos más bellos de la física /  |c M. Lozano Leyva. 
264 4 |a Barcelona, España :  |b Debate,  |c 2005, c2005 
300 |a 254 p. 
336 |a texto  |b txt  |2 rdacontenido 
337 |a sin mediación  |b n  |2 rdamedio 
338 |a volumen  |b nc  |2 rdasoporte 
440 1 |a (Arena Abierta) 
520 |a El autor recoge, analiza e interpreta cronológicamente las diez experiencias mejor valoradas y votadas por la comunidad científica internacional resultado de una encuesta que el año 2002 se realizó entre más de doscientos reputados especialistas mundiales acerca de los experimentos que, con menos medios materiales han conseguido unir belleza e inteligencia. 
649 |a XX 
650 |a Físicos 
650 |a Descubrimientos Científicos 
650 |a Física -  |x Laboratorios 
650 |a Física -  |x Historia 
650 |a Física -  |x Tema Principal 
910 |a Fondo General 
920 |a Impresos - Libros 
930 |a Colección General 
905 |a 101 
901 |a 0500118786  |b IT1  |c ACC  |u 20250521 
902 |a https://opac.biblio.iteso.mx/vufind/Record/000179685